000 01006cam a22002651 4500
001 e 43000074
003 DLC
005 20260227111231.0
008 821113s1942 nyu 000 0 eng c
010 _ae 43000074
035 _a(OCoLC)8955509
040 _aU. S. Off. of educ. Library
_cICarbS
_dICarbS
_dDLC
042 _apremarc
050 0 0 _aLC5252.N7
_bA5
051 _aLC5219
_b.W47
100 1 _aWhipple, Caroline A.
_q(Caroline Almira)
245 1 0 _aPractical methods in adult education /
_cby Caroline A. Whipple and Ruth Kotinsky, Bureau of adult education, New York state education department.
260 _a[Albany] :
_bThe University of the state of New York press,
_c[1941]
300 _a27 p. ;
_c23 cm.
490 1 _aUniversity of the state of New York bulletin, no. 1226 ...
_vDecember 15, 1941
504 _aBibliography: p. 23-27.
650 0 _aAdult education.
700 1 _aKotinsky, Ruth,
_d1903-1955.
810 2 _aUniversity of the State of New York.
_tBulletin ;
_vno. 1226.
999 _c21921
_d21921